[Event "Pozarevac Rudar 15th"]
[Site "Pozarevac"]
[Date "2023.08.07"]
[Round "6"]
[White "Spasic, Petar"]
[Black "Ilijic, Mihajilo"]
[Result "1-0"]
[WhiteElo "2317"]
[BlackElo "2138"]
[PlyCount "103"]
[EventDate "2023.08.03"]
[EventType "tourn"]
[EventRounds "9"]
[EventCountry "SRB"]
[EventCategory "1"]
[SourceTitle "CBM 215 Extra"]
[Source "ChessBase"]
[SourceDate "2023.09.30"]
[SourceVersion "1"]
[SourceVersionDate "2023.09.30"]
[SourceQuality "1"]

1. Nf3 Nf6 2. g3 g6 3. b3 Bg7 4. Bb2 c5 5. c4 d6 6. Bg2 0-0 7. 0-0 Nc6 8. Nc3 Bf5 9. d3 Qc8 10. Qd2 Bh3 11. Nd5 Bxg2 12. Kxg2 Nxd5 13. Bxg7 Kxg7 14. cxd5 Nb4 15. e4 e6 16. a3 Na6 17. Qc3+ Kg8 18. dxe6 Qxe6 19. Ng5 Qe5 20. Qd2 Nc7 21. f4 Qe7 22. f5 f6 23. Nh3 g5 24. a4 Rad8 25. Nf2 d5 26. Rae1 dxe4 27. Qc1 b6 28. dxe4 Qe5 29. Rd1 Kg7 30. Qc4 Rd4 31. Rxd4 Qxd4 32. Rd1 Qxc4 33. bxc4 Rf7 34. Rd6 Re7 35. Kf3 Ne8 36. Rd8 Kf7 37. Ng4 Rb7 38. Ne3 Ke7 39. Ra8 Rd7 40. Nd5+ Kf7 41. Rxe8 Rxd5 42. Rh8 Rd3+ 43. Ke2 Rc3 44. Rxh7+ Ke8 45. Rxa7 Rxc4 46. Kd3 Rb4 47. a5 b5 48. a6 Rd4+ 49. Ke3 b4 50. Rh7 b3 51. a7 Ra4 52. Rh8+ 1-0

[Event "Paracin op 16th"]
[Site "Paracin"]
[Date "2023.07.10"]
[Round "4"]
[White "Dakic, Marta"]
[Black "Ilijic, Mihajilo"]
[Result "0-1"]
[WhiteElo "1884"]
[BlackElo "2136"]
[PlyCount "44"]
[EventDate "2023.07.07"]
[EventType "swiss"]
[EventRounds "9"]
[EventCountry "SRB"]
[SourceTitle "EXT 2024"]
[Source "ChessBase"]
[SourceDate "2023.10.10"]
[SourceVersion "1"]
[SourceVersionDate "2023.10.10"]
[SourceQuality "1"]

1. e4 c6 2. d4 d5 3. f3 dxe4 4. fxe4 e5 5. Nf3 exd4 6. Bc4 Nd7 7. 0-0 Ngf6 8. e5 Nd5 9. Qe1 N7b6 10. Bd3 Be6 11. Qg3 Qd7 12. a4 Nb4 13. Ng5 Nxd3 14. Nxe6 Nxc1 15. Nxg7+ Bxg7 16. Qxg7 Ne2+ 17. Kf2 0-0-0 18. Kxe2 d3+ 19. cxd3 Qxd3+ 20. Kf2 Qd4+ 21. Kf3 Rhg8 22. Qxh7 Qg4+ 0-1

[Event "Veliko Gradiste Silver Lake op-A"]
[Site "Veliko Gradiste"]
[Date "2023.06.25"]
[Round "9"]
[White "Ilijic, Mihajilo"]
[Black "Morvekar, Kedar"]
[Result "1-0"]
[WhiteElo "2156"]
[BlackElo "2099"]
[PlyCount "97"]
[EventDate "2023.06.18"]
[EventType "swiss"]
[EventRounds "9"]
[EventCountry "SRB"]
[SourceTitle "CBM 215 Extra"]
[Source "ChessBase"]
[SourceDate "2023.09.30"]
[SourceVersion "1"]
[SourceVersionDate "2023.09.30"]
[SourceQuality "1"]

1. e4 c5 2. Nf3 d6 3. Bb5+ Bd7 4. Bxd7+ Nxd7 5. 0-0 Ngf6 6. Re1 e6 7. c3 Be7 8. d4 0-0 9. e5 Ne8 10. exd6 Bxd6 11. Nbd2 cxd4 12. Nxd4 Rc8 13. Ne4 Be7 14. Be3 Nef6 15. Nxf6+ Nxf6 16. Qb3 Qd5 17. Rad1 Rfd8 18. Nf3 Qxb3 19. axb3 a6 20. Kf1 Nd5 21. Bc1 Bf6 22. Rd3 h6 23. Red1 Kf8 24. Ke2 Ke8 25. g3 Ne7 26. Rxd8+ Rxd8 27. Rxd8+ Kxd8 28. Kd3 Nc6 29. b4 Kd7 30. Kc4 Be7 31. Bd2 f5 32. Kd3 e5 33. Ne1 e4+ 34. Ke2 Ne5 35. h3 Ke6 36. b3 b5 37. Be3 g5 38. f3 Kd5 39. Bd2 Bd6 40. Bc1 Ng6 41. g4 exf3+ 42. Nxf3 fxg4 43. hxg4 Be5 44. Kd3 Bf4 45. c4+ Kd6 46. Bb2 Nh4 47. Nd4 Be5 48. Ke4 bxc4 49. Nf5+ 1-0

[Event "Veliko Gradiste Silver Lake op-A"]
[Site "Veliko Gradiste"]
[Date "2023.06.23"]
[Round "7"]
[White "Ilijic, Mihajilo"]
[Black "Ishvi, Aggarwal"]
[Result "1-0"]
[WhiteElo "2156"]
[BlackElo "1740"]
[PlyCount "73"]
[EventDate "2023.06.18"]
[EventType "swiss"]
[EventRounds "9"]
[EventCountry "SRB"]
[SourceTitle "CBM 215 Extra"]
[Source "ChessBase"]
[SourceDate "2023.09.30"]
[SourceVersion "1"]
[SourceVersionDate "2023.09.30"]
[SourceQuality "1"]

1. e4 e5 2. Nf3 Nc6 3. Bb5 a6 4. Ba4 Nf6 5. 0-0 Be7 6. d3 b5 7. Bb3 d6 8. a3 0-0 9. Nc3 Bg4 10. Be3 Nd4 11. Bxd4 exd4 12. Nd5 Nxd5 13. Bxd5 Rc8 14. Bc6 Bf6 15. a4 Bd7 16. Bxd7 Qxd7 17. b3 c5 18. Nd2 d5 19. f4 dxe4 20. Nxe4 c4 21. Qh5 Be7 22. f5 g6 23. Qh6 gxf5 24. Ng5 Bxg5 25. Qxg5+ Kh8 26. Qf6+ Kg8 27. Rxf5 h6 28. Rf3 Rfe8 29. Rg3+ Kf8 30. Qxh6+ Ke7 31. Re1+ Kd8 32. Rxe8+ Kxe8 33. Rg8+ Ke7 34. Qh4+ Ke6 35. Qe4+ Kf6 36. Rxc8 Qxc8 37. Qxd4+ 1-0

[Event "Veliko Gradiste Silver Lake op-A"]
[Site "Veliko Gradiste"]
[Date "2023.06.19"]
[Round "3"]
[White "Ilijic, Mihajilo"]
[Black "Preobrazhenskaya, Diana"]
[Result "1-0"]
[WhiteElo "2156"]
[BlackElo "1936"]
[PlyCount "87"]
[EventDate "2023.06.18"]
[EventType "swiss"]
[EventRounds "9"]
[EventCountry "SRB"]
[SourceTitle "CBM 215 Extra"]
[Source "ChessBase"]
[SourceDate "2023.09.30"]
[SourceVersion "1"]
[SourceVersionDate "2023.09.30"]
[SourceQuality "1"]

1. e4 c5 2. Nf3 d6 3. Bb5+ Nd7 4. 0-0 Ngf6 5. Re1 a6 6. Bf1 b5 7. c3 Bb7 8. d3 g6 9. Nbd2 Bg7 10. a4 0-0 11. d4 cxd4 12. cxd4 bxa4 13. Qxa4 Qc7 14. b4 Rfc8 15. Bb2 Qd8 16. Bd3 Nh5 17. g3 Nhf6 18. Qb3 Rcb8 19. Ra5 Nb6 20. Rea1 Qc8 21. Qa2 Qg4 22. d5 Bh6 23. Kg2 Nh5 24. Bxa6 Bxd2 25. Nxd2 Nxd5 26. exd5 Bxd5+ 27. f3 Nf4+ 28. Kf2 Qh3 29. gxf4 Qxh2+ 30. Ke3 Bxa2 31. R5xa2 e5 32. fxe5 dxe5 33. Bc3 Kg7 34. Ra5 Re8 35. Rc5 h5 36. Raa5 f6 37. Rc7+ Kh6 38. Ne4 f5 39. Nd6 f4+ 40. Kd3 Red8 41. Bxe5 Rxd6+ 42. Bxd6 g5 43. Rc6 Qg1 44. Bxf4+ 1-0

[Event "SRB Central-ch"]
[Site "Pirot"]
[Date "2022.11.16"]
[Round "1"]
[White "Ilijic, Mihajilo"]
[Black "Dhulipalla, Bala Chandra Prasad"]
[Result "0-1"]
[WhiteElo "1966"]
[BlackElo "2442"]
[PlyCount "54"]
[EventDate "2022.11.16"]
[EventType "swiss"]
[EventRounds "9"]
[EventCountry "SRB"]
[SourceTitle "CBM 211 Extra"]
[Source "ChessBase"]
[SourceDate "2023.01.31"]
[SourceVersion "1"]
[SourceVersionDate "2023.01.31"]
[SourceQuality "1"]

1. e4 e5 2. Nf3 Nc6 3. Bb5 a6 4. Ba4 Nf6 5. 0-0 Be7 6. d3 b5 7. Bb3 d6 8. a3 Na5 9. Ba2 c5 10. Nc3 Be6 11. Nd5 Nxd5 12. Bxd5 Bxd5 13. exd5 0-0 14. b4 Nb7 15. c4 Qc7 16. bxc5 Nxc5 17. d4 Na4 18. cxb5 axb5 19. Re1 f6 20. Bd2 Qc4 21. Bb4 Nb2 22. Qd2 Nd3 23. dxe5 fxe5 24. Re2 e4 25. Rd1 exf3 26. Rxe7 Qg4 27. g3 Qh3 0-1

[Event "Belgrade Gligoric Memorial"]
[Site "Belgrade"]
[Date "2022.07.20"]
[Round "5"]
[White "Ilijic, Mihajilo"]
[Black "Ozer, Omer Faruk"]
[Result "0-1"]
[WhiteElo "2167"]
[BlackElo "2317"]
[PlyCount "54"]
[EventDate "2022.07.17"]
[EventType "swiss"]
[EventRounds "9"]
[EventCountry "SRB"]
[SourceTitle "CBM 209 Extra"]
[Source "ChessBase"]
[SourceDate "2022.09.30"]
[SourceVersion "1"]
[SourceVersionDate "2022.09.30"]
[SourceQuality "1"]

1. e4 e5 2. Nf3 Nc6 3. Bb5 a6 4. Ba4 Nf6 5. 0-0 Be7 6. Nc3 b5 7. Bb3 d6 8. a3 Bg4 9. h3 Bh5 10. d3 Nd4 11. g4 Nxb3 12. cxb3 Bg6 13. Ne2 h5 14. g5 Nh7 15. h4 f6 16. gxf6 Bxf6 17. Ng3 Bxh4 18. Kg2 Bf6 19. Rh1 Nf8 20. Be3 Ne6 21. Ng1 h4 22. Qg4 Bf7 23. Nf3 Qd7 24. Nf5 Bh5 25. Qh3 g6 26. Nh6 Nf4+ 27. Bxf4 exf4 0-1

[Event "Paracin op-A 15th"]
[Site "Paracin"]
[Date "2022.07.09"]
[Round "3"]
[White "Makhnev, Denis"]
[Black "Ilijic, Mihajilo"]
[Result "1-0"]
[WhiteElo "2492"]
[BlackElo "2167"]
[PlyCount "49"]
[EventDate "2022.07.08"]
[EventType "swiss"]
[EventRounds "9"]
[EventCountry "SRB"]
[SourceTitle "EXT 2023"]
[Source "ChessBase"]
[SourceDate "2022.10.05"]
[SourceVersion "1"]
[SourceVersionDate "2022.10.05"]
[SourceQuality "1"]

1. d4 Nf6 2. c4 g6 3. g3 Bg7 4. Bg2 d5 5. cxd5 Nxd5 6. e4 Nb6 7. Ne2 Nc6 8. d5 Ne5 9. Nbc3 e6 10. 0-0 exd5 11. exd5 0-0 12. b3 Re8 13. h3 Bf5 14. Be3 Bd3 15. a4 Qf6 16. Ra2 Ba6 17. Nb5 Nxd5 18. Bxd5 c6 19. f4 Bxb5 20. fxe5 Qxe5 21. Bxf7+ Kh8 22. Bd4 Bxe2 23. Bxe5 Bxd1 24. Bxg7+ Kxg7 25. Bxe8 1-0

[Event "AUT-ch U18"]
[Site "St Veit"]
[Date "2022.04.10"]
[Round "1"]
[White "Ilijic, Mihajilo"]
[Black "Braun, Hagen"]
[Result "1-0"]
[WhiteElo "2075"]
[BlackElo "1252"]
[PlyCount "85"]
[EventDate "2022.04.10"]
[EventType "swiss"]
[EventRounds "7"]
[EventCountry "AUT"]
[SourceTitle "EXT 2023"]
[Source "ChessBase"]
[SourceDate "2022.10.05"]
[SourceVersion "1"]
[SourceVersionDate "2022.10.05"]
[SourceQuality "1"]

1. e4 e5 2. Nf3 Nc6 3. Bb5 Bc5 4. 0-0 d6 5. a3 Nf6 6. Nc3 0-0 7. d3 h6 8. Be3 Bb6 9. h3 Nd4 10. Bxd4 Bxd4 11. Nxd4 exd4 12. Ne2 c5 13. Bc4 Be6 14. Bxe6 fxe6 15. f4 d5 16. e5 Nd7 17. Ng3 Rc8 18. Qg4 Rc6 19. Rae1 Rf7 20. h4 Qc7 21. f5 exf5 22. Rxf5 Rxf5 23. Qxf5 Nf8 24. Nh5 g6 25. Nf6+ Kf7 26. Qf3 Qd8 27. Nxd5+ Kg7 28. Rf1 Qe8 29. Nf6 Qe7 30. Nd5 Qe8 31. Nf4 Ne6 32. Nxe6+ Rxe6 33. Qxb7+ Re7 34. Qa6 Rxe5 35. Qxa7+ Qe7 36. Qxe7+ Rxe7 37. Kf2 Kf7 38. Re1 Rb7 39. b3 c4 40. bxc4 Rb2 41. Re2 Ra2 42. Kf3 Rxa3 43. Ke4 1-0

[Event "Novi Sad Put Svile IM Mix 6"]
[Site "Novi Sad"]
[Date "2021.08.10"]
[Round "4"]
[White "Ilijic, Mihajilo"]
[Black "Asylov, Miras"]
[Result "0-1"]
[WhiteElo "2099"]
[BlackElo "1981"]
[PlyCount "70"]
[EventDate "2021.08.08"]
[EventType "swiss"]
[EventRounds "9"]
[EventCountry "SRB"]
[SourceTitle "CBM 203 Extra"]
[Source "ChessBase"]
[SourceDate "2021.09.30"]
[SourceVersion "1"]
[SourceVersionDate "2021.09.30"]
[SourceQuality "1"]

1. e4 c5 2. Nf3 e6 3. Nc3 d6 4. d4 cxd4 5. Nxd4 Nf6 6. Bc4 Be7 7. Be3 0-0 8. f3 Nc6 9. Qd2 a6 10. 0-0-0 Nxd4 11. Bxd4 b5 12. Bb3 Bd7 13. e5 dxe5 14. Bxe5 Bc6 15. Qe3 Qc8 16. Bd6 Qb7 17. Rhe1 Rfd8 18. Bxe7 Qxe7 19. Qb6 Rdc8 20. Kb1 a5 21. a4 bxa4 22. Nxa4 Bxa4 23. Bxa4 Rab8 24. Qd6 Qb7 25. Qa3 Qa7 26. Rd2 Qc7 27. g3 h6 28. Re3 Nd5 29. Rb3 Rb4 30. c3 Qc4 31. cxb4 axb4 32. Rxb4 Qc1+ 33. Ka2 Qxd2 34. Rb3 Ra8 35. h4 Qd4 0-1

[Event "Novi Sad Put Svile IM Mix 6"]
[Site "Novi Sad"]
[Date "2021.08.09"]
[Round "3"]
[White "Popchev, Milko"]
[Black "Ilijic, Mihajilo"]
[Result "1/2-1/2"]
[WhiteElo "2248"]
[BlackElo "2099"]
[PlyCount "96"]
[EventDate "2021.08.08"]
[EventType "swiss"]
[EventRounds "9"]
[EventCountry "SRB"]
[SourceTitle "CBM 203 Extra"]
[Source "ChessBase"]
[SourceDate "2021.09.30"]
[SourceVersion "1"]
[SourceVersionDate "2021.09.30"]
[SourceQuality "1"]

1. d4 Nf6 2. Nf3 g6 3. c3 Bg7 4. Bg5 0-0 5. Nbd2 d6 6. e4 c5 7. dxc5 dxc5 8. Be2 Nc6 9. 0-0 Be6 10. Qc2 Qc7 11. Rfe1 Nh5 12. Bf1 Rad8 13. Nc4 b5 14. Ne3 c4 15. Rad1 Nf4 16. Bh4 Ne5 17. Nd4 Ned3 18. Nxb5 Qc5 19. Nd4 Nxe1 20. Rxe1 Bxd4 21. cxd4 Rxd4 22. b3 Qb4 23. f3 cxb3 24. axb3 Rc8 25. Nc4 Bxc4 26. Bxc4 Rcd8 27. Bf1 Rd2 28. Qc7 Qd4+ 29. Kh1 Nd3 30. Bxd3 Qxd3 31. Qxe7 Rd1 32. h3 Rxe1+ 33. Bxe1 Qd1 34. Qh4 Rc8 35. Kh2 Qxb3 36. Qg5 Qb6 37. Qd2 Rd8 38. Qc3 Qe6 39. Bf2 a6 40. Qa5 Rd7 41. Bg3 f6 42. Qc5 Kg7 43. e5 fxe5 44. Bxe5+ Kf7 45. f4 Re7 46. Bd6 Rd7 47. Be5 Re7 48. Bd6 Rd7 1/2-1/2

[Event "Arandjelovac Akva Gold IM1"]
[Site "Arandjelovac"]
[Date "2021.07.21"]
[Round "7"]
[White "Ilijic, Mihajilo"]
[Black "Sanz Wawer, Daniel"]
[Result "0-1"]
[WhiteElo "2058"]
[BlackElo "2307"]
[PlyCount "76"]
[EventDate "2021.07.17"]
[EventType "tourn"]
[EventRounds "9"]
[EventCountry "SRB"]
[SourceTitle "CBM 203 Extra"]
[Source "ChessBase"]
[SourceDate "2021.09.30"]
[SourceVersion "1"]
[SourceVersionDate "2021.09.30"]
[SourceQuality "1"]

1. e4 c6 2. d4 d5 3. exd5 cxd5 4. c4 Nf6 5. Nc3 e6 6. Nf3 Be7 7. Bd3 dxc4 8. Bxc4 0-0 9. 0-0 Nbd7 10. Re1 Nb6 11. Bb3 Bd7 12. Ne5 Bc6 13. Nxc6 bxc6 14. Qf3 Nbd5 15. Bg5 Re8 16. Rac1 Rc8 17. Na4 Nd7 18. Bxe7 Qxe7 19. Nc5 Nxc5 20. Rxc5 Qd6 21. g3 Ne7 22. Qc3 Red8 23. Re4 Nf5 24. Rc4 Qd7 25. Ra4 Nd6 26. Rh4 Nf5 27. Rf4 Qe7 28. Qe1 Rc7 29. h4 Rcd7 30. Qc3 Rd6 31. Qc5 R8d7 32. Rb4 Qd8 33. Qe5 a5 34. Ra4 Nxd4 35. Rfxd4 Rxd4 36. Rxa5 R4d5 37. Rxd5 exd5 38. h5 d4 0-1

[Event "Arandjelovac Akva Gold IM1"]
[Site "Arandjelovac"]
[Date "2021.07.18"]
[Round "2"]
[White "Ristic, Nenad"]
[Black "Ilijic, Mihajilo"]
[Result "1/2-1/2"]
[WhiteElo "2344"]
[BlackElo "2058"]
[PlyCount "30"]
[EventDate "2021.07.17"]
[EventType "tourn"]
[EventRounds "9"]
[EventCountry "SRB"]
[SourceTitle "CBM 203 Extra"]
[Source "ChessBase"]
[SourceDate "2021.09.30"]
[SourceVersion "1"]
[SourceVersionDate "2021.09.30"]
[SourceQuality "1"]

1. d4 Nf6 2. Nf3 e6 3. c4 d5 4. Nc3 Be7 5. Bg5 h6 6. Bh4 0-0 7. e3 c6 8. Rc1 Nbd7 9. Bd3 dxc4 10. Bxc4 Nd5 11. Bxe7 Qxe7 12. 0-0 Nxc3 13. Rxc3 e5 14. dxe5 Nxe5 15. Nxe5 Qxe5 1/2-1/2

[Event "Arandjelovac Akva Gold IM1"]
[Site "Arandjelovac"]
[Date "2021.07.17"]
[Round "1"]
[White "Ilijic, Mihajilo"]
[Black "Vlajkovic, Stanko"]
[Result "1/2-1/2"]
[WhiteElo "2058"]
[BlackElo "2245"]
[PlyCount "79"]
[EventDate "2021.07.17"]
[EventType "tourn"]
[EventRounds "9"]
[EventCountry "SRB"]
[SourceTitle "CBM 203 Extra"]
[Source "ChessBase"]
[SourceDate "2021.09.30"]
[SourceVersion "1"]
[SourceVersionDate "2021.09.30"]
[SourceQuality "1"]

1. e4 d6 2. d4 Nf6 3. Nc3 g6 4. f4 Bg7 5. Nf3 0-0 6. e5 Nfd7 7. Bc4 Nb6 8. Bb3 a5 9. a4 d5 10. 0-0 Na6 11. Be3 Nb4 12. Ne2 Nc4 13. Bc1 Na6 14. c3 Bf5 15. Ng3 Bg4 16. Bc2 e6 17. h3 Bxf3 18. Qxf3 f5 19. exf6 Qxf6 20. b3 Nd6 21. Ba3 Rac8 22. Rae1 Rfe8 23. Bd3 Nb8 24. Re2 Nd7 25. Bxd6 cxd6 26. Bb5 Re7 27. Rfe1 Nf8 28. f5 gxf5 29. Nxf5 Rec7 30. Nxd6 Qxf3 31. gxf3 Rd8 32. Ne8 Rxc3 33. Rg2 Ng6 34. Nxg7 Kxg7 35. Rxe6 Rxf3 36. Be8 Rxb3 37. Bxg6 hxg6 38. Rgxg6+ Kf7 39. Rgf6+ Kg7 40. Rg6+ 1/2-1/2

[Event "Paracin Summer op 14th"]
[Site "Paracin"]
[Date "2021.07.12"]
[Round "4"]
[White "Ilijic, Mihajilo"]
[Black "Pranav, V."]
[Result "0-1"]
[WhiteElo "2058"]
[BlackElo "2366"]
[PlyCount "54"]
[EventDate "2021.07.09"]
[EventType "swiss"]
[EventRounds "9"]
[EventCountry "SRB"]
[SourceTitle "EXT 2022"]
[Source "ChessBase"]
[SourceDate "2021.10.06"]
[SourceVersion "1"]
[SourceVersionDate "2021.10.06"]
[SourceQuality "1"]

1. e4 e5 2. Nf3 Nc6 3. Bb5 a6 4. Ba4 Nf6 5. Nc3 b5 6. Bb3 Bc5 7. 0-0 d6 8. Nd5 h6 9. Nxf6+ Qxf6 10. Bd5 Bd7 11. c3 Rb8 12. d4 Bb6 13. Be3 Ne7 14. Bb3 Bc6 15. Qd3 0-0 16. Nd2 Ng6 17. g3 Ba8 18. f4 exd4 19. cxd4 c5 20. e5 dxe5 21. fxe5 Qc6 22. d5 Qe8 23. e6 c4 24. Bxb6 cxd3 25. exf7+ Rxf7 26. d6 Qc6 27. Bxf7+ Kh7 0-1

[Event "AUT-ch U16"]
[Site "Sankt Veit an der Glan"]
[Date "2019.04.17"]
[Round "6"]
[White "Ilijic, Mihajilo"]
[Black "Kienboeck, Benjamin"]
[Result "1-0"]
[WhiteElo "1755"]
[BlackElo "1754"]
[PlyCount "75"]
[EventDate "2019.04.14"]
[EventType "swiss"]
[EventRounds "7"]
[EventCountry "AUT"]
[SourceTitle "CBM 190 Extra"]
[Source "ChessBase"]
[SourceDate "2019.07.15"]
[SourceVersion "1"]
[SourceVersionDate "2019.07.15"]
[SourceQuality "1"]

1. e4 e5 2. Nf3 Nc6 3. d4 exd4 4. Nxd4 Nf6 5. Nxc6 bxc6 6. e5 Qe7 7. Qe2 Nd5 8. c4 Ba6 9. b3 g6 10. Bb2 Bg7 11. g3 0-0 12. Bg2 Rae8 13. 0-0 Bxe5 14. Qxe5 Qxe5 15. Bxe5 Rxe5 16. cxd5 Bxf1 17. Kxf1 cxd5 18. Nc3 c6 19. Rd1 Rfe8 20. Bf3 Kf8 21. Ne2 f5 22. Rd4 R8e7 23. Ra4 g5 24. h3 Kg7 25. Rxa7 Kg6 26. a4 h5 27. h4 g4 28. Nf4+ Kh6 29. Be2 d6 30. Ra6 Rc7 31. Ke1 Re4 32. Rb6 d4 33. Kd2 Re8 34. a5 Ree7 35. b4 Re5 36. a6 Kg7 37. Rb7 Ree7 38. Rxc7 1-0

[Event "AUT-ch U14"]
[Site "St Kanzian"]
[Date "2018.05.21"]
[Round "6.9"]
[White "Ilijic, Mihajilo"]
[Black "Tumanyan, Gor"]
[Result "1/2-1/2"]
[WhiteElo "1339"]
[BlackElo "1635"]
[PlyCount "85"]
[EventDate "2018.05.19"]
[EventType "swiss"]
[EventRounds "7"]
[EventCountry "AUT"]
[SourceTitle "EXT 2024"]
[Source "ChessBase"]
[SourceDate "2023.10.10"]
[SourceVersion "1"]
[SourceVersionDate "2023.10.10"]
[SourceQuality "1"]

1. e4 e6 2. d4 d5 3. Nd2 Nd7 4. Bd3 Be7 5. Ne2 dxe4 6. Nxe4 b6 7. 0-0 Bb7 8. c3 Ngf6 9. Nxf6+ Nxf6 10. Ng3 h5 11. Re1 h4 12. Ne4 Nxe4 13. Bxe4 Bxe4 14. Rxe4 Qd7 15. h3 f5 16. Re2 Bf6 17. f4 0-0-0 18. Qb3 Rde8 19. Be3 Rhg8 20. Rae1 Qd5 21. c4 Qc6 22. d5 exd5 23. cxd5 Qd6 24. Rc1 Bd8 25. Rc6 Qd7 26. Qb5 g5 27. d6 gxf4 28. dxc7 Bxc7 29. Rec2 fxe3 30. Rxc7+ Qxc7 31. Qxf5+ Kb8 32. Rxc7 Kxc7 33. Qc2+ Kb7 34. Qe2 Rgf8 35. Kh2 a6 36. Qd3 a5 37. Qd7+ Ka6 38. Qd3+ b5 39. Qd6+ Kb7 40. Qd7+ Kb6 41. Qd6+ Kb7 42. Qc5 e2 43. Qxb5+ 1/2-1/2

[Event "AUT-ch U14"]
[Site "St Kanzian"]
[Date "2018.05.19"]
[Round "2.9"]
[White "Hersel, Rudolf"]
[Black "Ilijic, Mihajilo"]
[Result "1-0"]
[WhiteElo "1673"]
[BlackElo "1339"]
[PlyCount "141"]
[EventDate "2018.05.19"]
[EventType "swiss"]
[EventRounds "7"]
[EventCountry "AUT"]
[SourceTitle "EXT 2024"]
[Source "ChessBase"]
[SourceDate "2023.10.10"]
[SourceVersion "1"]
[SourceVersionDate "2023.10.10"]
[SourceQuality "1"]

1. d4 Nf6 2. Bf4 g6 3. e3 Bg7 4. c3 d5 5. Nd2 0-0 6. Bd3 Nbd7 7. Ngf3 c5 8. h3 c4 9. Bc2 Re8 10. 0-0 Nh5 11. Bh2 e5 12. dxe5 Nxe5 13. Nxe5 Bxe5 14. Bxe5 Rxe5 15. Nf3 Re8 16. Qd4 Be6 17. Rad1 Ng7 18. Rfe1 Qa5 19. Bb1 Rad8 20. Qd2 Bf5 21. Qc1 Bxb1 22. Qxb1 Ne6 23. Rd2 Nc5 24. Red1 Nd3 25. Ne1 Ne5 26. Rd4 Re6 27. Nc2 Nd3 28. a3 Qb5 29. Nb4 Nxb4 30. cxb4 a5 31. bxa5 Qxa5 32. b3 cxb3 33. Qxb3 Red6 34. e4 Rc8 35. Qxb7 Qc3 36. Rxd5 Rxd5 37. Qxd5 Qc5 38. Qxc5 Rxc5 39. f3 Kg7 40. Re1 Kf6 41. Kf2 h5 42. g3 Rc2+ 43. Re2 Rc5 44. f4 Rc3 45. Re3 Rc2+ 46. Kf3 g5 47. e5+ Kf5 48. g4+ hxg4+ 49. hxg4+ Kg6 50. f5+ Kg7 51. e6 Kf8 52. exf7 Kxf7 53. Rd3 Rc5 54. Rd7+ Kf8 55. Rd4 Kf7 56. Ke4 Ra5 57. Rd7+ Kf8 58. f6 Rb5 59. Rd5 Rb6 60. Kf5 Kf7 61. Rd7+ Ke8 62. Re7+ Kf8 63. Kxg5 Rb1 64. Kg6 Rb2 65. g5 Rb1 66. Re6 Rf1 67. f7 Rxf7 68. Rf6 Rxf6+ 69. Kxf6 Kg8 70. Kg6 Kf8 71. Kh7 1-0

[Event "AUT-ch U14"]
[Site "St Kanzian"]
[Date "2018.05.19"]
[Round "1.8"]
[White "Ilijic, Mihajilo"]
[Black "Lemsitzer, Simon"]
[Result "1/2-1/2"]
[WhiteElo "1339"]
[BlackElo "1701"]
[PlyCount "60"]
[EventDate "2018.05.19"]
[EventType "swiss"]
[EventRounds "7"]
[EventCountry "AUT"]
[SourceTitle "EXT 2024"]
[Source "ChessBase"]
[SourceDate "2023.10.10"]
[SourceVersion "1"]
[SourceVersionDate "2023.10.10"]
[SourceQuality "1"]

1. e4 c5 2. Nf3 e6 3. d4 cxd4 4. Nxd4 a6 5. c4 Qc7 6. Be3 Bc5 7. Nd2 Nf6 8. Be2 0-0 9. 0-0 d6 10. f3 Nc6 11. N2b3 Nxd4 12. Bxd4 Bxd4+ 13. Qxd4 b6 14. Rfd1 Rd8 15. e5 Ne8 16. c5 bxc5 17. Nxc5 Bb7 18. Nxb7 Qxb7 19. Rac1 dxe5 20. Qxe5 Rac8 21. Rxc8 Rxd1+ 22. Bxd1 Qxc8 23. Kf2 Kf8 24. Ba4 Nc7 25. Qd6+ Kg8 26. Qc6 Qd8 27. Qd7 Qb8 28. Qd4 Qc8 29. Qc4 Qb8 30. Qd4 Qc8 1/2-1/2